Industrial robotics: (Record no. 16268)

MARC details
000 -LEADER
fixed length control field 01087nam a2200301 a 4500
005 - DATE AND TIME OF LATEST TRANSACTION
control field 20080820131943.0
008 - FIXED-LENGTH DATA ELEMENTS--GENERAL INFORMATION
fixed length control field 060418s2006 caua |s 001 0 eng d
010 ## - LCCN (DPL NO)
LC control number ENG-91164
020 ## - INTERNATIONAL STANDARD BOOK NUMBER
International Standard Book Number 9780070265097
Terms of availability 325.00
020 ## - INTERNATIONAL STANDARD BOOK NUMBER
International Standard Book Number 0070265097
035 ## - SYSTEM CONTROL NUMBER
System control number EN-74697
037 ## - SOURCE OF ACQUISITION
Source of stock number/acquisition DBAD / PUB
040 ## - CATALOGING SOURCE
Original cataloging agency dpl
Language of cataloging English
082 ## - DEWEY DECIMAL CLASSIFICATION NUMBER
Classification number 629.892
245 ## - TITLE STATEMENT
Title Industrial robotics:
Remainder of title technology, programming, and applications /
Statement of responsibility, etc by Mikell P. Groover...[et al]
260 ## - PUBLICATION, DISTRIBUTION, ETC. (IMPRINT)
Place of publication, distribution, etc New Delhi
Name of publisher, distributor, etc Tata McGraw-Hill Publishing
Date of publication, distribution, etc 2008
270 ## - ADDRESS
Address 7 West Patel Nagar,
City New Delhi
Postal code 110008
300 ## - PHYSICAL DESCRIPTION
Extent xiv, 546p.:
Dimensions 23cm (pbk)
Accompanying material b&w photos; ill
500 ## - GENERAL NOTE
General note Includes index.
650 ## - SUBJECT ADDED ENTRY--TOPICAL TERM
Source of heading or term Robots, industrial
700 ## - ADDED ENTRY--PERSONAL NAME
Personal name Groover, Mikell P
700 ## - ADDED ENTRY--PERSONAL NAME
Personal name Weiss, Mitchell
700 ## - ADDED ENTRY--PERSONAL NAME
Personal name Nagel, Roger N.
700 ## - ADDED ENTRY--PERSONAL NAME
Personal name Odrey, Nicholas G.
942 ## - ADDED ENTRY ELEMENTS (KOHA)
Source of classification or shelving scheme Dewey Decimal Classification
Item type English Books
Call number suffix IND
Classification part 629.892
Holdings
Withdrawn status Lost status Source of classification or shelving scheme Damaged status Not for loan Collection code Home library Current library Date acquired Source of acquisition Cost, normal purchase price Total Checkouts Full call number Barcode Date last seen Copy number Cost, replacement price Koha item type
    Dewey Decimal Classification   Not For Loan Non-fiction D.B.Act.Division D.B.Act.Division 06/10/2008 DBAD / PUB 325.00   629.892 IND EN-74697 06/10/2008 1 325.00 English Books

© Delhi Public Library
Hit Counter
free hit counter